[Event "MTel"]
[Site "Sofia BUL"]
[Date "2007.05.10"]
[Round "1"]
[White "Topalov,V"]
[Black "Nisipeanu,LD"]
[Result "0-1"]
[WhiteElo "2772"]
[BlackElo "2693"]
[EventDate "2007.05.10"]

1. e4 d5 2. exd5 Qxd5 3. Nc3 Qd6 4. g3 Nf6 5. Bg2 c6 6. d4 g6 7. Bf4 Qb4 8.
Nge2 Bg7 9. Qc1 O-O 10. O-O Bg4 11. a3 Qa5 12. h3 Bxe2 13. Nxe2 Nbd7 14. c4
e5 15. b4 Qc7 16. dxe5 Nxe5 17. Qc2 a5 18. Rae1 axb4 19. axb4 Rfe8 20. c5
Nd5 21. Bd2 Nd7 22. Qc4 N7f6 23. g4 h5 24. Ng3 hxg4 25. hxg4 Qd7 26. g5
Rxe1 27. Rxe1 Ne8 28. Bf3 Nec7 29. Bg4 Qd8 30. Kg2 Nb5 31. Rd1 Ra1 32. Rxa1
Bxa1 33. Bf3 Be5 34. Ne2 Ndc7 35. Be3 Ne6 36. Bg4 Nbc7 37. Qe4 Bg7 38. f4
Qd1 39. Kf2 Bc3 40. b5 Qe1+ 41. Kg2 Nd5 42. bxc6 bxc6 43. Qd3 Bd4 44. Bxe6
Nxe3+ 45. Kh2 Qf2+ 46. Kh3 Qf3+ 47. Ng3 Qg2+ 0-1

[Event "MTel"]
[Site "Sofia BUL"]
[Date "2007.05.18"]
[Round "8"]
[White "Nisipeanu,LD"]
[Black "Adams,Mi"]
[Result "1-0"]
[WhiteElo "2693"]
[BlackElo "2734"]
[EventDate "2007.05.10"]

1. e4 e5 2. Nf3 Nc6 3. Bb5 a6 4. Ba4 Nf6 5. O-O Be7 6. Re1 b5 7. Bb3 d6 8.
c3 O-O 9. h3 Na5 10. Bc2 c5 11. d4 Nd7 12. Kh1 Re8 13. d5 Nb6 14. b3 Bd7
15. Be3 Qc7 16. g4 c4 17. b4 Nb7 18. Nbd2 a5 19. a3 Ra6 20. Nf1 Rea8 21.
Bc1 Nd8 22. Ne3 axb4 23. cxb4 f6 24. Nf5 Bc8 25. Rg1 Nf7 26. h4 Bd8 27. Rg3
Kh8 28. g5 g6 29. Ne3 fxg5 30. hxg5 Kg8 31. Kg2 Na4 32. Qe1 Bd7 33. Qh1 Qc8
34. Qh2 Nc3 35. Kf1 Be7 36. Bb2 Na4 37. Bc1 Bf8 38. Qh4 Be7 39. Qh2 Bf8 40.
Qh4 Be7 41. Nf5 Qf8 42. Nh2 h6 43. Ng4 hxg5 44. Bxg5 Nxg5 45. Ngh6+ Kh7 46.
Nf7+ Kg8 47. N7h6+ Kh7 48. Nf7+ Kg8 49. Nxg5 Bxg5 50. Rxg5 Be8 51. Kg2 R8a7
52. Rh1 Qf6 53. Nh6+ 1-0